| 000 | 00569nam a22001937a 4500 | ||
|---|---|---|---|
| 003 | OSt | ||
| 005 | 20240625163152.0 | ||
| 008 | 240625b |||||||| |||| 00| 0 eng d | ||
| 020 | _a9781843697558 | ||
| 040 | _cMUST | ||
| 082 | _a333.7 COM 2009 | ||
| 100 |
_aDilys Roe _917897 |
||
| 245 |
_acommunity management of natural resources in Africa: _bImpacts, experiences and future directions/ _cedited by Dilys Roe |
||
| 260 |
_bIIED _c2009 |
||
| 300 |
_axii, 154p. _bill. : _c24cm |
||
| 504 | _aincludes references | ||
| 650 | _2natural resources | ||
| 942 |
_2ddc _cO_SHELF |
||
| 999 |
_c8857 _d8857 |
||